000 00353nam a2200157Ia 4500
003 Ost
005 20260225132545.0
008 260225s9999||||xx |||||||||||||| ||und||
040 _cfsic
041 _afre
082 _a440
100 _aAbedlkrim hassani
_eAuteur
245 0 _aGuerilla sas visage /
245 0 _cAbedlkrim hassani
942 _cكتاب
999 _c33807
_d33807